000 00281nam a2200121Ia 4500
008 190216s9999||||xx |||||||||||||| ||und||
100 _aSinha R P N
245 0 _aOur Trees
260 _bPublications Division Govt. Of India
_c1989
300 _a52p
650 _aBotany
942 _cBK
999 _c1115
_d1115